| 000 | 01012nam0a22002531 4500 | ||
|---|---|---|---|
| 001 | rc\758022 | ||
| 005 | 20040301142546.7 | ||
| 035 | _a(NLR Aleph) 006285937 | ||
| 090 |
_a7098782 _c7098782 |
||
| 100 | _a20040301d1985 u |0rusy50 ca | ||
| 101 | 0 | _arus | |
| 102 | _aRU | ||
| 105 | _ay ||||||||| | ||
| 200 | 1 |
_aОчерки истории философской мысли _eО влиянии филос. концепций на развитие науч. теорий _fПер. с фр. Я.А. Ляткера _gОбщ. ред. и предисл. А.П. Юшкевича _gПослесл. В.С. Черняка |
|
| 210 |
_aМ. _cПрогресс _d1985 |
||
| 215 |
_a286 с. _d22 |
||
| 320 | _aБиблиогр. в примеч. в конце очерков | ||
| 320 | _aУказ. имен: с. 282-285 | ||
| 700 | 1 |
_aКойре _bА. В. _f1892-1964 _gАлександр Владимирович |
|
| 801 | 0 |
_aRU _bNLR _gpsbo |
|
| 801 | 1 |
_aRU _bELAR _2rusmarc |
|
| 852 |
_aNLR _j85-5/5417 |
||
| 942 | _cBOOK | ||
| 980 | _aNB | ||